Text Processing and Analyzing Traditional Medicine Literature (Record no. 540821)
[ view plain ]
| 000 -LEADER | |
|---|---|
| fixed length control field | 00463nam a22001577a 4500 |
| 003 - CONTROL NUMBER IDENTIFIER | |
| control field | NUST |
| 038 ## - RECORD CONTENT LICENSOR | |
| Staff Name | Saba |
| 082 ## - DEWEY DECIMAL CLASSIFICATION NUMBER | |
| Classification number | 004 |
| Author Mark | MCS |
| 100 ## - MAIN ENTRY--PERSONAL NAME | |
| Personal name | Javed, Sh M Zeeshan |
| 9 (RLIN) | 35042 |
| 245 ## - TITLE STATEMENT | |
| Title | Text Processing and Analyzing Traditional Medicine Literature |
| Statement of responsibility, etc. | Sh M Zeeshan Javed |
| 260 ## - PUBLICATION, DISTRIBUTION, ETC. | |
| Place of publication, distribution, etc. | Islamabad: |
| Name of publisher, distributor, etc. | MCS-NUST, |
| Date of publication, distribution, etc. | 2014. |
| 300 ## - PHYSICAL DESCRIPTION | |
| Extent | 69p. |
| 650 ## - SUBJECT ADDED ENTRY--TOPICAL TERM | |
| Topical term or geographic name entry element | Computer Software Engineering ,Text Processing |
| 9 (RLIN) | 35043 |
| 700 ## - ADDED ENTRY--PERSONAL NAME | |
| Personal name | Dr. Hammad Afzal |
| 9 (RLIN) | 35034 |
| 942 ## - ADDED ENTRY ELEMENTS (KOHA) | |
| Source of classification or shelving scheme | |
| Koha item type | Thesis |
| Withdrawn status | Lost status | Source of classification or shelving scheme | Damaged status | Not for loan | Permanent Location | Current Location | Shelving location | Date acquired | Full call number | Barcode | Date last seen | Price effective from | Koha item type | Total Checkouts |
|---|---|---|---|---|---|---|---|---|---|---|---|---|---|---|
| Central Library (CL) | Central Library (CL) | Thesis | 11/10/2020 | 004 MCS | CL-T-868 | 11/10/2020 | 11/10/2020 | Thesis | ||||||
| Central Library (CL) | Central Library (CL) | Thesis | 11/10/2020 | 004 | CL-T-936 | 11/10/2020 | 11/10/2020 | Thesis |
